<?xml version="1.0" encoding="UTF-8"?>
<record
    xmlns:xsi="http://www.w3.org/2001/XMLSchema-instance"
    xsi:schemaLocation="http://www.loc.gov/MARC21/slim http://www.loc.gov/standards/marcxml/schema/MARC21slim.xsd"
    xmlns="http://www.loc.gov/MARC21/slim">

  <leader>01210nab a2200205 i 4500</leader>
  <controlfield tag="001">768714001</controlfield>
  <controlfield tag="003">CO-MdFUSB</controlfield>
  <controlfield tag="005">20230508112729.0</controlfield>
  <controlfield tag="008">230508s1987    us ||||| |||| 00| 0 eng d</controlfield>
  <datafield tag="040" ind1=" " ind2=" ">
    <subfield code="b">spa</subfield>
    <subfield code="a">CO-MdFUSB</subfield>
    <subfield code="c">CO-MdFUSB</subfield>
    <subfield code="d">CO-MdFUSB</subfield>
  </datafield>
  <datafield tag="041" ind1=" " ind2=" ">
    <subfield code="a">eng</subfield>
  </datafield>
  <datafield tag="100" ind1=" " ind2=" ">
    <subfield code="a">Coppenger, Mark</subfield>
    <subfield code="e">autor</subfield>
  </datafield>
  <datafield tag="245" ind1=" " ind2=" ">
    <subfield code="a">Funerals for those you barely know </subfield>
    <subfield code="c">/ Mark Coppenger </subfield>
  </datafield>
  <datafield tag="300" ind1=" " ind2=" ">
    <subfield code="a">Volumen 8, n&#xFA;mero 2 (Spring 1987), p&#xE1;ginas 92 - 96 </subfield>
    <subfield code="c">; 27 cm.</subfield>
  </datafield>
  <datafield tag="520" ind1=" " ind2=" ">
    <subfield code="a">Como pastores en un funeral no es correcto sugerir que nuestra principal preocupaci&#xF3;n al preparar un servicio es la reputaci&#xF3;n. Hay muchas cosas que el pueblo de Dios puede decir en esta situaci&#xF3;n. Si la ofensa y la decepci&#xF3;n son los resultados naturales de ser fiel a Dios en los funerales entonces que as&#xED; sea. Pero la ofensa debido a la ignorancia no es nada por lo que se es un orgullo ser apreciado. En este art&#xED;culo, Mark Coppenger, ofrece unas pautas para manejar un discurso en un funeral.  </subfield>
  </datafield>
  <datafield tag="546" ind1=" " ind2=" ">
    <subfield code="a">Texto en Ingl&#xE9;s </subfield>
  </datafield>
  <datafield tag="650" ind1=" " ind2="7">
    <subfield code="9">402</subfield>
    <subfield code="a">Ritos y ceremonias f&#xFA;nebres</subfield>
  </datafield>
  <datafield tag="773" ind1="0" ind2=" ">
    <subfield code="0">68780</subfield>
    <subfield code="9">81954</subfield>
    <subfield code="o">R2467</subfield>
    <subfield code="t">Leadership : </subfield>
    <subfield code="w">(CO-MdFUSB)768714001</subfield>
    <subfield code="g">Volumen 8, n&#xFA;mero 2 (Spring 1987), p&#xE1;ginas 92 - 96 </subfield>
    <subfield code="q">p&#xE1;gina 92</subfield>
  </datafield>
  <datafield tag="942" ind1=" " ind2=" ">
    <subfield code="c">ANA</subfield>
  </datafield>
  <datafield tag="999" ind1=" " ind2=" ">
    <subfield code="c">68870</subfield>
    <subfield code="d">68870</subfield>
  </datafield>
</record>
